000 00636nam a2200193Ia 4500
003 LDD
008 190117s9999 xx 000 0 und d
020 _a8185127433
_c₹170
040 _cLDD
041 _ahi
082 _a8H3.7 शा76पु
100 _aशाह, रमेशचन्द्र
245 0 _aपुनर्वास
_cरमेशचन्द्र शाह
260 _aबीकानेर
_bवाग्देवी प्रकाशन
_c2005
300 _a151पृ.
901 _aHBC
904 _aReqst by : J.M. Parakh
942 _2ddc
_cH
999 _c171649
_d171649